00341nam a2200121 a 45000010005000000030005000050050017000100080041000270400020000681000029000882450082001172600020001992651CDMR20130116135233.0130130s1975||||||||||||||||||||||||||||d aCDMRbcatcCDMR1 aNart Peñalver, Ignacio14aLos medios de comunicación en la Gran Bretaña...cIgnacio Nart Peñalver aBarcelonac1975